| 000 | 00364nam a2200121Ia 4500 | ||
|---|---|---|---|
| 008 | 240731s9999 xx 000 0 und d | ||
| 022 | _a2168-1171 | ||
| 245 | 0 | _aComputer Methods in Biomechanics and Biomedical Engineering: Imaging & Visualization | |
| 260 | _bTaylor & Francis | ||
| 856 | _uhttps://www.tandfonline.com/loi/tciv20 | ||
| 942 | _2ddc | ||
| 942 | _cTFEJ | ||
| 999 |
_c76032 _d76032 |
||
| 945 |
_a1 _bMadushi Gamage _c1 _dMadushi Gamage |
||